Statistics for Food that are Green

Click here to take the quiz!

General Stats

  • This quiz has been taken 31 times
  • The average score is 14 of 16

Answer Stats

Answer% Correct
Cucumber
97%
Apple
93%
Broccoli
93%
Grape
93%
Kiwi
93%
Lime
93%
Pear
93%
Pepper
93%
Avocado
90%
Olive
90%
Lettuce
83%
Peas
83%
Brussels sprouts
79%
Asparagus
76%
Zucchini | courgette
76%
Okra
41%

Score Distribution

Percentile by Number Answered

Percent of People with Each Score

Your Score History

You have not taken this quiz